| 000 | 00614nam a2200205 i 4500 | ||
|---|---|---|---|
| 001 | 96466 | ||
| 003 | ES-MaACL | ||
| 005 | 20250928133435.0 | ||
| 007 | t| | ||
| 008 | 050627s1972 sp ||||1| spa d | ||
| 080 | _a929 Ojeda, Alonso de | ||
| 100 | 1 |
_aMajó Framis, Ricardo. _975648 |
|
| 245 | 1 | 0 |
_aAlonso de Ojeda / _cRicardo Majó Framis. |
| 260 |
_aMadrid : _bCírculo de Amigos de la Historia, _c1972. |
||
| 300 |
_a250 p., 8 lám. : _bil. ; _c18 cm. |
||
| 600 | 1 | 4 |
_aOjeda, Alonso de, _dca. 1470-ca. 1516 _9170973 |
| 700 | 2 |
_a _9241881 |
|
| 852 |
_aES-MaACL _jC-49715 |
||
| 999 |
_c96466 _d96466 |
||